000 00736cab a2200229 4500
001 WB3344-05
008 090401t1997 xxu||||| |||| 00| 0 eng d
035 _a(Sirsi) u82103
041 _aeng
245 _aRadio mast sale
260 _c1997
350 _a0
490 _aFinancial Times
_v14 November 1997, 6(1)
520 _aA radio mast in Cambridgeshire which was recently offered for sale has attracted interest from 320 possible investors. It is believed to be the first of its kind in the UK to be sold.
650 _aPRIVATE INVESTORS
650 _aRADIO MASTS
650 _aTELECOMMUNICATIONS MASTS
650 _aTELECOMMUNICATIONS
690 _aPROPERTY-COMMERCIAL PROPERTY
942 _n0
948 _c14/11/1997
999 _c51791
_d51791